[Event "LTU-ch Amateurs"]
[Site "Kaunas"]
[Date "2020.08.29"]
[Round "4"]
[White "Sulikiene, Kristina"]
[Black "Antuzis, Domantas"]
[Result "1-0"]
[WhiteElo "1909"]
[BlackElo "1348"]
[PlyCount "71"]
[EventDate "2020.08.27"]
[EventType "swiss"]
[EventRounds "7"]
[EventCountry "LTU"]
[SourceTitle "EXT 2022"]
[Source "ChessBase"]
[SourceDate "2021.10.06"]
[SourceVersion "1"]
[SourceVersionDate "2021.10.06"]
[SourceQuality "1"]

1. e4 c5 2. Nc3 Nc6 3. g3 d6 4. Bg2 g6 5. d3 Bg7 6. Be3 Nf6 7. h3 Qb6 8. Rb1 Be6 9. Nf3 Nd7 10. 0-0 Nde5 11. Ng5 Bc8 12. f4 h6 13. Nd5 Qd8 14. fxe5 hxg5 15. exd6 Qxd6 16. Qf3 f6 17. Qf2 b6 18. Bxg5 Ne5 19. Bf4 Bxh3 20. Bxe5 Qxe5 21. Bxh3 Rxh3 22. Kg2 Rh6 23. Rh1 Rxh1 24. Rxh1 Kf7 25. c3 c4 26. Qf3 cxd3 27. Qxd3 Rd8 28. Qc2 f5 29. Rf1 e6 30. Nb4 Qd6 31. Qa4 a5 32. Nc6 Rd7 33. Rf2 b5 34. Qxb5 Qd1 35. Nd4 Bxd4 36. Qxd7+ 1-0

[Event "LTU-ch Amateurs"]
[Site "Kaunas"]
[Date "2020.08.29"]
[Round "5"]
[White "Sulikiene, Kristina"]
[Black "Kalvaitis, Sigitas"]
[Result "0-1"]
[WhiteElo "1909"]
[BlackElo "2180"]
[PlyCount "92"]
[EventDate "2020.08.27"]
[EventType "swiss"]
[EventRounds "7"]
[EventCountry "LTU"]
[SourceTitle "EXT 2022"]
[Source "ChessBase"]
[SourceDate "2021.10.06"]
[SourceVersion "1"]
[SourceVersionDate "2021.10.06"]
[SourceQuality "1"]

1. e4 e6 2. d4 d5 3. exd5 exd5 4. Bd3 Nc6 5. c3 Bd6 6. Nf3 Nge7 7. 0-0 Bg4 8. h3 Bh5 9. Bg5 f6 10. Be3 Qd7 11. Ne5 Nxe5 12. Qxh5+ g6 13. Qe2 Nxd3 14. Qxd3 0-0-0 15. Nd2 Qf5 16. Qe2 g5 17. c4 Rhe8 18. c5 Bf4 19. Bxf4 Qxf4 20. Nb3 Nc6 21. Qd3 g4 22. Rae1 f5 23. h4 Re4 24. g3 Qh6 25. Nd2 Nxd4 26. Nxe4 Nf3+ 27. Kh1 Nxe1 28. Nd6+ Qxd6 29. Rxe1 Qf6 30. b4 f4 31. b5 fxg3 32. Qxg3 Kb8 33. Qxg4 Qxf2 34. Rc1 Qe3 35. Qg5 Qxg5 36. hxg5 c6 37. a4 Kc7 38. Rf1 d4 39. Rf7+ Rd7 40. Rf2 d3 41. Rd2 cxb5 42. axb5 a6 43. bxa6 bxa6 44. Kg2 Kc6 45. Kf3 Kxc5 46. Ke3 Kc4 0-1

[Event "WchT Amateur"]
[Site "Kaunas"]
[Date "2016.11.28"]
[Round "9.1"]
[White "Sulikiene, Kristina"]
[Black "Sciupokas, Arunas"]
[Result "1-0"]
[WhiteElo "1927"]
[BlackElo "1946"]
[PlyCount "79"]
[EventDate "2016.11.20"]
[EventType "team-swiss"]
[EventRounds "9"]
[EventCountry "LTU"]
[SourceTitle "CBM 175 Extra"]
[Source "ChessBase"]
[SourceDate "2016.12.12"]
[SourceVersion "1"]
[SourceVersionDate "2016.12.12"]
[SourceQuality "1"]
[WhiteTeam "Lithuania VDU II"]
[BlackTeam "Lithuania Margiris"]
[WhiteTeamCountry "LTU"]
[BlackTeamCountry "LTU"]

1. e4 d6 2. d4 Nf6 3. Bd3 e5 4. c3 Be7 5. Ne2 0-0 6. 0-0 c6 7. Nd2 Qc7 8. h3 Re8 9. Nf3 Nbd7 10. Ng3 Nf8 11. Bc4 d5 12. exd5 cxd5 13. Bb5 Bd7 14. Bxd7 N8xd7 15. dxe5 Nxe5 16. Bf4 Bd6 17. Bg5 Ne4 18. Nxe4 Nxf3+ 19. Qxf3 dxe4 20. Qe2 Qc5 21. Be3 Qe5 22. g3 Qe6 23. Kg2 a6 24. c4 Rac8 25. b3 Bc7 26. Rad1 Rcd8 27. Rxd8 Rxd8 28. Rd1 f5 29. Rxd8+ Bxd8 30. Qd2 Bf6 31. c5 Qc6 32. Kh2 h6 33. b4 Kf7 34. a4 Ke6 35. Bf4 Qd5 36. Qc2 Bd4 37. Qe2 Qd7 38. Bd6 Kd5 39. Qa2+ Kc6 40. Qc4 1-0

[Event "LTU-ch sf (Women)"]
[Site "Vilnius"]
[Date "2014.02.20"]
[Round "4"]
[White "Zaksaite, Salomeja"]
[Black "Sulikiene, Kristina"]
[Result "1-0"]
[WhiteElo "2196"]
[BlackElo "1962"]
[PlyCount "71"]
[EventDate "2014.02.17"]
[EventType "swiss"]
[EventRounds "7"]
[EventCountry "LTU"]
[SourceTitle "CBM 158 Extra"]
[Source "ChessBase"]
[SourceDate "2014.02.28"]
[SourceVersion "1"]
[SourceVersionDate "2014.02.28"]
[SourceQuality "1"]

1. e4 e5 2. Nf3 Nf6 3. Nxe5 d6 4. Nc4 Nxe4 5. Nc3 Nf6 6. d4 Be7 7. Bd3 0-0 8. 0-0 Nc6 9. Be2 Bf5 10. Ne3 Bd7 11. f4 a6 12. a4 Na7 13. g4 b5 14. g5 Ne8 15. axb5 axb5 16. Ned5 c6 17. Nxe7+ Qxe7 18. Bd3 f5 19. Re1 Qf7 20. d5 b4 21. Ne2 Qxd5 22. Be3 c5 23. b3 Kh8 24. Bc4 Qb7 25. Ng3 Bc6 26. Be6 g6 27. Bc1 d5 28. Bb2+ d4 29. Re5 Ng7 30. Bc4 Rac8 31. Rxc5 Bh1 32. Nxh1 Rxc5 33. Bxd4 Rc7 34. Rxa7 Qxa7 35. Bxa7 Rxa7 36. Nf2 1-0

[Event "LTU-ch (Women)"]
[Site "Vilnius"]
[Date "2013.04.20"]
[Round "9"]
[White "Zaksaite, Salomeja"]
[Black "Sulikiene, Kristina"]
[Result "1/2-1/2"]
[WhiteElo "2152"]
[BlackElo "1950"]
[PlyCount "28"]
[EventDate "2013.04.20"]
[EventType "tourn"]
[EventRounds "9"]
[EventCountry "LTU"]
[SourceTitle "CBM 154 Extra"]
[Source "ChessBase"]
[SourceDate "2013.06.25"]
[SourceVersion "2"]
[SourceVersionDate "2013.06.25"]
[SourceQuality "1"]

1. e4 e5 2. Nf3 Nf6 3. Nxe5 d6 4. Nf3 Nxe4 5. Qe2 Qe7 6. d3 Nf6 7. Bg5 Nbd7 8. Nc3 Qxe2+ 9. Bxe2 h6 10. Bh4 g5 11. Bg3 Nh5 12. Nd5 Kd8 13. 0-0-0 Bg7 14. d4 f5 1/2-1/2

[Event "Panevezys op 25th"]
[Site "Panevezys"]
[Date "2012.08.16"]
[Round "5"]
[White "Juciute, Henrieta"]
[Black "Sulikiene, Kristina"]
[Result "1/2-1/2"]
[WhiteElo "1875"]
[BlackElo "1980"]
[PlyCount "50"]
[EventDate "2012.08.13"]
[EventType "swiss"]
[EventRounds "9"]
[EventCountry "LTU"]
[SourceTitle "CBM 149 Extra"]
[Source "ChessBase"]
[SourceDate "2012.08.24"]
[SourceVersion "1"]
[SourceVersionDate "2012.08.24"]
[SourceQuality "1"]

1. e4 e5 2. Nf3 Nf6 3. Nxe5 d6 4. Nc4 Nxe4 5. Nc3 Nf6 6. d4 d5 7. Ne5 Be7 8. Bd3 h6 9. Bf4 0-0 10. 0-0 c6 11. Ne2 Nbd7 12. Nxd7 Bxd7 13. Ng3 Re8 14. c3 c5 15. dxc5 Bxc5 16. Qb3 Bc6 17. h3 a5 18. Rad1 a4 19. Qc2 Qb6 20. Nf5 Ne4 21. Bxe4 Rxe4 22. Be3 Bxe3 23. Nxe3 d4 24. cxd4 Rxd4 25. Rxd4 Qxd4 1/2-1/2

[Event "LTU-ch (Women)"]
[Site "Vilnius"]
[Date "2012.04.25"]
[Round "2.1"]
[White "Malisauskiene, Marina"]
[Black "Sulikiene, Kristina"]
[Result "1/2-1/2"]
[WhiteElo "2050"]
[BlackElo "1947"]
[PlyCount "122"]
[EventDate "2012.04.22"]
[EventType "tourn"]
[EventRounds "11"]
[EventCountry "LTU"]
[SourceTitle "CBM 148 Extra"]
[Source "ChessBase"]
[SourceDate "2012.06.22"]
[SourceVersion "1"]
[SourceVersionDate "2012.06.22"]
[SourceQuality "1"]

1. d4 Nf6 2. Nf3 e6 3. c4 Bb4+ 4. Bd2 Bxd2+ 5. Qxd2 0-0 6. Nc3 d6 7. e4 b6 8. Bd3 Bb7 9. 0-0 Nbd7 10. b4 h6 11. h3 e5 12. d5 Nh5 13. g3 Bc8 14. Kg2 Re8 15. Rae1 Nf8 16. Ng1 Ng6 17. Kh2 Bd7 18. Qe2 Nf6 19. Qe3 Qc8 20. Qd2 Nh7 21. f4 exf4 22. gxf4 f5 23. Qc2 Nf6 24. Qf2 Nh5 25. Nge2 Rf8 26. Qf3 Nf6 27. Rg1 fxe4 28. Nxe4 Nxe4 29. Bxe4 Ne7 30. Qh5 Rf6 31. Ref1 Qe8 32. Ng3 Qxh5 33. Nxh5 Rf7 34. Rg2 Bf5 35. Re1 Raf8 36. Bxf5 Nxf5 37. Re6 Kh7 38. Reg6 Re7 39. Re6 Rxe6 40. dxe6 g6 41. Ng3 Nd4 42. e7 Re8 43. Ne4 Rxe7 44. Nf6+ Kg7 45. Nd5 Rf7 46. b5 c6 47. bxc6 Nxc6 48. Re2 Nd4 49. Re8 h5 50. Kg3 b5 51. cxb5 Nxb5 52. Rd8 Nd4 53. Kg2 Ne6 54. Rxd6 Nxf4+ 55. Nxf4 Rxf4 56. Ra6 Rf7 57. Kg3 g5 58. Ra5 Kg6 59. Ra6+ Kh7 60. Ra5 Rg7 61. Ra6 Rc7 1/2-1/2

[Event "LTU-ch (Women)"]
[Site "Vilnius"]
[Date "2012.04.25"]
[Round "3.2"]
[White "Sulikiene, Kristina"]
[Black "Batkovskyte, Dominyka"]
[Result "1-0"]
[WhiteElo "1947"]
[BlackElo "2126"]
[PlyCount "85"]
[EventDate "2012.04.22"]
[EventType "tourn"]
[EventRounds "11"]
[EventCountry "LTU"]
[SourceTitle "CBM 148 Extra"]
[Source "ChessBase"]
[SourceDate "2012.06.22"]
[SourceVersion "1"]
[SourceVersionDate "2012.06.22"]
[SourceQuality "1"]

1. e4 e6 2. d4 d5 3. exd5 exd5 4. Bd3 Nc6 5. c3 Bd6 6. Nf3 Bg4 7. 0-0 Nge7 8. Nbd2 Qd7 9. b4 0-0 10. Re1 Ng6 11. Nf1 Nf4 12. Bc2 Rae8 13. Ne3 Ne7 14. Bxh7+ Kxh7 15. Ng5+ Kg8 16. Nxg4 Qf5 17. Bxf4 Bxf4 18. Nh3 Bd6 19. Ne3 Qh7 20. f4 Qh4 21. Qg4 Qxg4 22. Nxg4 Ng6 23. Ne5 Nh4 24. Nd7 Rxe1+ 25. Rxe1 Rd8 26. Nc5 Bxc5 27. dxc5 c6 28. Re7 Rb8 29. Ng5 f6 30. Ne6 Nf5 31. Rd7 Re8 32. g4 Rxe6 33. gxf5 Re3 34. Rxb7 Rxc3 35. Rxa7 Rc2 36. a4 Rb2 37. b5 cxb5 38. c6 Kh7 39. c7 Rc2 40. axb5 d4 41. Kf1 d3 42. Ke1 Rc5 43. b6 1-0

[Event "LTU-ch (Women)"]
[Site "Vilnius"]
[Date "2012.04.24"]
[Round "1.2"]
[White "Sulikiene, Kristina"]
[Black "Zaksaite, Salomeja"]
[Result "1-0"]
[WhiteElo "1947"]
[BlackElo "2233"]
[PlyCount "59"]
[EventDate "2012.04.22"]
[EventType "tourn"]
[EventRounds "11"]
[EventCountry "LTU"]
[SourceTitle "CBM 148 Extra"]
[Source "ChessBase"]
[SourceDate "2012.06.22"]
[SourceVersion "1"]
[SourceVersionDate "2012.06.22"]
[SourceQuality "1"]

1. e4 e5 2. Bc4 Nf6 3. d3 Nc6 4. Nf3 Be7 5. 0-0 0-0 6. Nc3 d6 7. h3 Na5 8. Bb3 Nxb3 9. axb3 h6 10. Be3 a6 11. d4 exd4 12. Nxd4 Re8 13. Qf3 Bf8 14. Nf5 Bd7 15. Rfe1 Bc6 16. Bd4 Nh7 17. h4 g6 18. Qf4 gxf5 19. Qg3+ Ng5 20. exf5 Kh7 21. Rxe8 Qxe8 22. hxg5 hxg5 23. Qxg5 Bh6 24. Qh5 Qg8 25. f3 Re8 26. Kf2 Qf8 27. Rh1 b6 28. g4 Bxf3 29. Kxf3 c5 30. Nd5 1-0

[Event "Vilnius op"]
[Site "Vilnius"]
[Date "2011.11.24"]
[Round "6"]
[White "Barsciauskas, Gintautas"]
[Black "Sulikiene, Kristina"]
[Result "0-1"]
[WhiteElo "1827"]
[BlackElo "1950"]
[PlyCount "134"]
[EventDate "2011.11.19"]
[EventType "swiss"]
[EventRounds "9"]
[EventCountry "LTU"]
[SourceTitle "CBM 145 Extra"]
[Source "ChessBase"]
[SourceDate "2012.01.03"]
[SourceVersion "1"]
[SourceVersionDate "2012.01.03"]
[SourceQuality "1"]

1. e4 e5 2. Nf3 Nf6 3. d3 Nc6 4. c3 h6 5. Be2 Be7 6. 0-0 d5 7. Qc2 0-0 8. Re1 Bg4 9. Nbd2 Bh5 10. Nf1 Bg6 11. Ng3 Bh7 12. a3 a6 13. b4 h5 14. Bg5 Bg6 15. Nh4 dxe4 16. dxe4 Nh7 17. Bxe7 Qxe7 18. Ngf5 Qf6 19. Rad1 Rad8 20. Rxd8 Rxd8 21. Rd1 Rxd1+ 22. Qxd1 Bxf5 23. Nxf5 g6 24. Ne3 Ng5 25. f3 Ne6 26. Nd5 Qg5 27. Bc4 Kg7 28. Qe1 h4 29. Qe3 Nf4 30. Nxf4 exf4 31. Qf2 h3 32. Bf1 hxg2 33. Qxg2 Qf6 34. Qd2 Ne5 35. Be2 g5 36. h3 Qe6 37. Qd5 Qb6+ 38. Qd4 Qf6 39. Kg2 Qe7 40. c4 f6 41. c5 c6 42. a4 Qe6 43. Qb2 Qd7 44. Qc3 Kg6 45. Kh2 Qh7 46. Qe1 g4 47. fxg4 f3 48. Bf1 Nxg4+ 49. Kg3 Ne5 50. Qd2 Qh5 51. Qf4 Kf7 52. Qf5 Qh8 53. h4 Qg8+ 54. Kf4 Qh8 55. h5 Qh6+ 56. Kg3 Qg5+ 57. Kh3 Kg7 58. Kh2 Ng4+ 59. Kh3 Nf2+ 60. Kh2 Qh4+ 61. Bh3 Nxh3 62. Qg6+ Kf8 63. Qh6+ Ke7 64. Qh7+ Kd8 65. Qg8+ Kc7 66. Qf7+ Kb8 67. Qd7 Nf4+ 0-1

[Event "Panevezys op-A 24th"]
[Site "Panevezys"]
[Date "2011.08.15"]
[Round "9"]
[White "Zito, Riccardo"]
[Black "Sulikiene, Kristina"]
[Result "1-0"]
[WhiteElo "1730"]
[BlackElo "1974"]
[PlyCount "85"]
[EventDate "2011.08.09"]
[EventType "swiss"]
[EventRounds "9"]
[EventCountry "LTU"]
[SourceTitle "CBM 143 Extra"]
[Source "ChessBase"]
[SourceDate "2011.08.29"]
[SourceVersion "1"]
[SourceVersionDate "2011.08.29"]
[SourceQuality "1"]

1. e4 e5 2. Nf3 Nf6 3. Nxe5 d6 4. Nf3 Nxe4 5. d4 d5 6. Bd3 Be7 7. 0-0 Nc6 8. c4 Nf6 9. Re1 0-0 10. cxd5 Nb4 11. Nc3 Nbxd5 12. Qc2 Nb4 13. Qd2 Nxd3 14. Qxd3 Bg4 15. Ne5 Bh5 16. f4 Ng4 17. Nf3 f5 18. h3 Nh6 19. Ne5 Bd6 20. Be3 Bxe5 21. fxe5 f4 22. Bf2 f3 23. g3 c6 24. Qc4+ Kh8 25. e6 Qd6 26. Ne4 Qd5 27. Qxd5 cxd5 28. Nd6 Rfd8 29. Nxb7 Rdb8 30. Nd6 Rxb2 31. Re5 Bg6 32. e7 Rbb8 33. Rxd5 Ng8 34. Re5 h6 35. Rae1 Nf6 36. d5 Kh7 37. g4 a5 38. Nc4 Nd7 39. R5e3 Nf6 40. d6 Be8 41. Rxf3 Rb4 42. Nb6 Ra6 43. Rxf6 1-0

[Event "LTU-ch (Women)"]
[Site "Nemencine"]
[Date "2011.04.29"]
[Round "8"]
[White "Semonaviciute, Agne"]
[Black "Sulikiene, Kristina"]
[Result "0-1"]
[WhiteElo "1698"]
[BlackElo "2000"]
[PlyCount "64"]
[EventDate "2011.04.25"]
[EventType "swiss"]
[EventRounds "9"]
[EventCountry "LTU"]
[SourceTitle "CBM 142 Extra"]
[Source "ChessBase"]
[SourceDate "2011.06.27"]
[SourceVersion "1"]
[SourceVersionDate "2011.06.27"]
[SourceQuality "1"]

1. e4 e5 2. Nf3 Nf6 3. Nc3 Bb4 4. Bc4 0-0 5. d3 Nc6 6. 0-0 h6 7. h3 a6 8. a3 Bc5 9. b4 Ba7 10. Be3 Bb8 11. d4 exd4 12. Nxd4 Ne5 13. Bb3 d6 14. f4 Ng6 15. Nf3 Qe7 16. Qd3 Kh8 17. Rae1 c6 18. f5 Ne5 19. Nxe5 Qxe5 20. Bf4 Qe7 21. Rd1 Rd8 22. Rfe1 Nh5 23. Bh2 Bc7 24. Qc4 d5 25. exd5 Bxh2+ 26. Kxh2 Qd6+ 27. Kg1 Bxf5 28. dxc6 Qg3 29. Ne2 Qe3+ 30. Kh1 Be4 31. cxb7 Qxh3+ 32. Kg1 Qxg2# 0-1

[Event "LTU-ch (Women)"]
[Site "Nemencine"]
[Date "2011.04.26"]
[Round "2"]
[White "Zaksaite, Salomeja"]
[Black "Sulikiene, Kristina"]
[Result "1-0"]
[WhiteElo "2198"]
[BlackElo "2000"]
[PlyCount "87"]
[EventDate "2011.04.25"]
[EventType "swiss"]
[EventRounds "9"]
[EventCountry "LTU"]
[SourceTitle "CBM 142 Extra"]
[Source "ChessBase"]
[SourceDate "2011.06.27"]
[SourceVersion "1"]
[SourceVersionDate "2011.06.27"]
[SourceQuality "1"]

1. e4 e5 2. Nf3 Nf6 3. Nxe5 d6 4. Nc4 Nxe4 5. Nc3 Nf6 6. d4 d5 7. Ne5 Be7 8. Bf4 Bf5 9. g4 Be6 10. Qf3 c6 11. Rg1 Qa5 12. Bd2 Qb6 13. Qe3 Nbd7 14. Nxd7 Nxd7 15. 0-0-0 0-0-0 16. Na4 Qc7 17. f4 Nb6 18. Nxb6+ Qxb6 19. f5 Bf6 20. Bc3 Bd7 21. g5 Rde8 22. Qd2 Bd8 23. Bd3 Qc7 24. Rdf1 f6 25. h4 h6 26. g6 Kb8 27. Qf2 Be7 28. Bd2 Bd6 29. Kb1 Ka8 30. c3 c5 31. Qf3 c4 32. Bc2 Qa5 33. Re1 Rc8 34. Bf4 Rc6 35. Bxd6 Rxd6 36. Re7 Rb6 37. Rxg7 Qa3 38. Bb3 Qd6 39. Rh7 Re8 40. g7 Qb8 41. Qxd5 Bxf5+ 42. Qxf5 cxb3 43. axb3 Rxb3 44. Rh8 1-0

[Event "LTU-chT 1011"]
[Site "Lithuania"]
[Date "2010.12.05"]
[Round "3"]
[White "Paulauskaite, Gintare"]
[Black "Sulikiene, Kristina"]
[Result "0-1"]
[WhiteElo "2058"]
[BlackElo "2000"]
[PlyCount "70"]
[EventDate "2010.11.06"]
[EventType "team-tourn"]
[EventRounds "9"]
[EventCountry "LTU"]
[SourceTitle "EXT 2012"]
[Source "ChessBase"]
[SourceDate "2011.11.24"]
[SourceVersion "1"]
[SourceVersionDate "2011.11.24"]
[SourceQuality "1"]

1. e4 e5 2. Nf3 Nf6 3. Nxe5 d6 4. Nf3 Nxe4 5. Nc3 Nf6 6. d4 Be7 7. Bf4 Bg4 8. h3 Bh5 9. Bd3 Nc6 10. g4 Bg6 11. d5 Nb4 12. Bxg6 hxg6 13. a3 Na6 14. g5 Nh5 15. Be3 Nc5 16. Qd2 Qd7 17. 0-0-0 0-0 18. Nh4 b5 19. f4 a5 20. Qf2 b4 21. Nb1 bxa3 22. Nxa3 Rab8 23. Qf3 Qa4 24. Bd4 Rb4 25. Qe3 Rfb8 26. Rhf1 Ng3 27. Rf3 Rxd4 28. Qxe7 Rxd1+ 29. Kxd1 Re8 30. Qxe8+ Qxe8 31. Rxg3 Qe4 32. Rf3 Qxd5+ 33. Kc1 Qe4 34. Kd1 Qd4+ 35. Kc1 Ne4 0-1